Tareekh-e-Lahore / (Record no. 35933)

MARC details
000 -LEADER
fixed length control field 00390nam a22001577a 4500
005 - DATE AND TIME OF LATEST TRANSACTION
control field 20240613152729.0
008 - FIXED-LENGTH DATA ELEMENTS--GENERAL INFORMATION
fixed length control field 240613b |||||||| |||| 00| 0 eng d
082 ## - DEWEY DECIMAL CLASSIFICATION NUMBER
Classification number 954.9143
Item number KAN-T
100 ## - MAIN ENTRY--AUTHOR
Author Name Kanhaiya Lal
245 ## - TITLE STATEMENT
Title Tareekh-e-Lahore /
Statement of responsibility, etc. by Kanhaiya Lal
260 ## - PUBLICATION, DISTRIBUTION, ETC.
Place of Publication Lahore :
300 ## - PHYSICAL DESCRIPTION
Pages 429 p.
500 ## - GENERAL NOTE
General note Written in Urdu.
650 ## - SUBJECT ADDED ENTRY--TOPICAL TERM
Subject / Department Architecture
300 ## - PHYSICAL DESCRIPTION
-- 30 cm.
952 ## - LOCATION AND ITEM INFORMATION (KOHA)
-- 0
-- 0
952 ## - LOCATION AND ITEM INFORMATION (KOHA)
-- 0
-- 0
Holdings
Lost status Damaged status Collection code Permanent Location Current Location Shelving Location Date acquired Full Call Number Accession No./Barcode Date last seen Copy number item type Koha item type
    Architecture Superior Information Resource Center (SIRC) Superior University- Main Campus Superior Information Resource Center (SIRC) Superior University- Main Campus Architecture 06/13/2024 954.9143 KAN-T 29402 06/13/2024 1 BOOK BOOK
    Architecture Superior Information Resource Center (SIRC) Superior University- Main Campus Superior Information Resource Center (SIRC) Superior University- Main Campus Architecture 06/13/2024 954.9143 KAN-T 29403 06/13/2024 2 BOOK BOOK

Powered by Koha